Developmental theory and teaching methods : a pilot study of a teacher education program (Record no. 65936)

MARC details
000 -CABECERA
campo de control de longitud fija 00725nam a2200241 a 4500
005 - FECHA Y HORA DE LA ÚLTIMA TRANSACCIÓN
campo de control 20210219153011.0
008 - ELEMENTOS DE LONGITUD FIJA--INFORMACIÓN GENERAL
campo de control de longitud fija 991125n 000 0 u
035 ## - NÚMERO DE CONTROL DEL SISTEMA
Número de control de sistema UPN01000072475
100 ## - ASIENTO PRINCIPAL--NOMBRE PERSONAL
Nombre de persona Kroll, Linda
222 ## - TÍTULO CLAVE
Título clave THE ELEMENTARY SCHOOL JOURNAL
245 ## - MENCIÓN DE TÍTULO
Título Developmental theory and teaching methods : a pilot study of a teacher education program
300 ## - DESCRIPCIÓN FÍSICA
Extensión 417-441
362 ## - FECHAS DE PUBLICACIÓN Y/O DESIGNACIÓN SECUENCIAL
Fecha de publicación y/o designación secuencial 93, No. 4, 1993
505 ## - NOTA DE CONTENIDO CON FORMATO PREESTABLECIDO
Nota de contenido con formato Agosto 1993
653 0# - TERMINO DE INDIZACION - NO CONTROLADO
Término no controlado ACTUALIZACION DOCENTE
653 0# - TERMINO DE INDIZACION - NO CONTROLADO
Término no controlado EDUCACION DEL MAESTRO EN CONSERVACION
653 0# - TERMINO DE INDIZACION - NO CONTROLADO
Término no controlado EDUCACION SUPERIOR
653 0# - TERMINO DE INDIZACION - NO CONTROLADO
Término no controlado METODOS EDUCATIVOS
653 0# - TERMINO DE INDIZACION - NO CONTROLADO
Término no controlado PROGRAMAS DE EDUCACION A MAESTROS
700 ## - ASIENTO SECUNDARIO--NOMBRE DE PERSONAL
Nombre de persona Black, Allen
904 ## - ELEMENTOS DE DATOS D LOCAL, LDD (RLIN)
a AC
b 010286
905 ## - TIPO DE MATERIAL
Tipo de material Articulo

No items available.